| 000 | 01364cam a2200373 i 4500 | ||
|---|---|---|---|
| 001 | 200452949 | ||
| 999 |
_c200452949 _d71161 |
||
| 003 | TR-AnTOB | ||
| 005 | 20241114130525.0 | ||
| 007 | ta | ||
| 008 | 190129t20132013tu oh 001 0 tur d | ||
| 020 |
_a9786054238996 _q(paperback) |
||
| 040 |
_aBGZ _beng _erda _cBGZ _dTR-AnTOB |
||
| 041 | 0 | _atur | |
| 050 | 1 | 4 |
_aLF5223 _b.K873 2013 |
| 090 |
_aLF5223 _b.K873 2013 |
||
| 100 | 1 |
_aKuran, Aptullah _d1927-2002 _eauthor _997211 |
|
| 245 | 1 | 0 |
_aBir kurucu rektörün anıları : _bRobert Kolej Yüksek Okulu'ndan Boğaziçi Üniversitesine / _cAptullah Kuran ; editör Günhan Danışman. |
| 246 | 3 | 0 | _aRobert Kolej Yüksek Okulu'ndan Boğaziçi Üniversitesine. |
| 250 | _aİkinci baskı: Mart 2013. | ||
| 264 | 1 |
_aİstanbul : _bBoğaziçi Üniversitesi Yayınevi, _c2013. |
|
| 264 | 4 | _c©2013 | |
| 300 |
_a182 pages : _bphotographs, facsimiles ; _c21 cm |
||
| 336 |
_atext _btxt _2rdacontent |
||
| 337 |
_aunmediated _bn _2rdamedia |
||
| 338 |
_avolume _bnc _2rdacarrier |
||
| 500 | _aIncludes index. | ||
| 500 | _a''Sunuş: Prof. Dr. Timur Kuran.'' | ||
| 600 | 1 | 0 |
_aKuran, Aptullah _d1927-2002 _xBiyografi _997211 |
| 610 | 2 | 0 |
_aRobert Koleji (İstanbul, Türkiye) _9141700 |
| 610 | 2 | 0 |
_aBoğaziçi Üniversitesi _xTarih _9141701 |
| 700 | 1 |
_aDanışman, Günhan, _d1945-2009 _eeditor _9141702 |
|
| 942 |
_2lcc _cBK |
||